Red Star Belgrade Squad 1990-1991 - Statistics

General Stats
  • This quiz has been taken 21 times
  • The average score is 10 of 23
Answer Stats
Position Nation Player % Correct
FW North Macedonia Darko Pančev
95%
MF Croatia Robert Prosinečki
89%
MF Montenegro Dejan Savićević
74%
MF Serbia Vladimir Jugović
74%
DF Romania Miodrag Belodedici
68%
DF Serbia Siniša Mihajlović
68%
GK Serbia Stevan Stojanović
68%
FW Serbia Dragiša Binić
58%
Coach Serbia Ljupko Petrović
58%
DF North Macedonia Ilija Najdoski
53%
DF Serbia Duško Radinović
47%
DF Montenegro Slobodan Marović
47%
MF Bosnia and Herzegovina Refik Šabanadžović
42%
FW Serbia Ljubiša Milojević
26%
GK Serbia Milić Jovanović
26%
MF Serbia Vlada Stošić
26%
GK Serbia Zvonko Milojević
26%
DF Croatia Goran Jurić
16%
GK Serbia Željko Kaluđerović
16%
DF Serbia Goran Vasilijević
11%
DF Bosnia and Herzegovina Rade Tošić
11%
MF Serbia Ivica Momčilović
5%
MF Serbia Milorad Ratković
5%
No matching quizzes found
Score Distribution
Percent of People with Each Score
Percentile by Number Answered
Your Score History
You have not taken this quiz